| 000 | 03826 a2200373 4500 | ||
|---|---|---|---|
| 008 | 131129s2014 enk g 000 0 eng d | ||
| 020 | _a9783319041476 | ||
| 020 | _a9783319041469 (print) | ||
| 082 | 0 | 4 |
_a621 _223 _bMAN |
| 100 | 1 |
_aMasys, Anthony J. _948346 |
|
| 245 | 1 | 0 |
_aNetworks and Network Analysis for Defence and Security _cedited by Anthony J. Masys. |
| 260 |
_aLondon : _bSpringer Inc., _c2014. |
||
| 300 |
_a287 p. ; _c24 cm. |
||
| 490 | 1 |
_aLecture Notes in Social Networks, _x2190-5428 |
|
| 505 | 0 | _aNetwork Analysis in Criminal Intelligence -- Identifying mafia Bosses from Meeting Attendance -- Macrosocial Network Analysis: the Case of Transnational Drug Trafficking -- Policing the Hackers by Hacking them: Studying Online Deviants in IRC Chat Rooms -- Why Terror Networks are Dissimilar: How Structure Relates to Functions -- Social Network Analysis Applied to Criminal Networks: Recent Developments in Dutch Law Enforcement -- The Networked Mind- Collective Identities and the Cognitive-Affective Nature of Conflict -- Conflict Cessation and the Emergence of Weapons Supermarkets -- A Conspiracy of Bastards? -- Decision Support through Strongest Path Method Risk Analysis -- Critical Infrastructure and Vulnerability- a Relational Analysis through Actor Network Theory -- Dealing with Complexity: Thinking about Networks and the Comprehensive Approach. | |
| 506 | _aLicense restrictions may limit access. | ||
| 520 | _aNetworks and Network Analysis for Defence and Security discusses relevant theoretical frameworks and applications of network analysis in support of the defence and security domains. This book details real world applications of network analysis to support defence and security. Shocks to regional, national and global systems stemming from natural hazards, acts of armed violence, terrorism and serious and organized crime have significant defence and security implications. Today, nations face an uncertain and complex security landscape in which threats impact/target the physical, social, economic and cyber domains. Threats to national security, such as that against critical infrastructures not only stem from man-made acts but also from natural hazards. Katrina (2005), Fukushima (2011) and Hurricane Sandy (2012) are examples highlighting the vulnerability of critical infrastructures to natural hazards and the crippling effect they have on the social and economic well-being of a community and a nation. With this dynamic and complex threat landscape, network analysis has emerged as a key enabler in supporting defence and security. With the advent of 'big data' and increasing processing power, network analysis can reveal insights with regards to structural and dynamic properties thereby facilitating greater understanding of complex networks, their entities, interdependencies, vulnerabilities to produce insights for creative solutions. This book will be well positioned to inform defence, security and intelligence professionals and researchers with regards to leading methodologies and approaches. | ||
| 650 | 0 |
_aPhysics. _948347 |
|
| 650 | 0 |
_aSocial sciences _xData processing. _948348 |
|
| 650 | 0 |
_aMathematics. _948349 |
|
| 650 | 0 |
_aCriminology. _948350 |
|
| 650 | 1 | 4 |
_aPhysics. _948351 |
| 650 | 2 | 4 |
_aComplex Networks. _948352 |
| 650 | 2 | 4 |
_aComputer Appl. in Social and Behavioral Sciences. _948353 |
| 650 | 2 | 4 |
_aCriminology & Criminal Justice. _948354 |
| 650 | 2 | 4 |
_aGame Theory, Economics, Social and Behav. Sciences. _948355 |
| 650 | 2 | 4 |
_aSecurity Science and Technology. _948356 |
| 710 | 2 |
_aSpringerLink (Online service) _948357 |
|
| 773 | 0 | _tSpringer eBooks | |
| 773 | 0 | _tSpringerLINK ebooks - Physics and Astronomy (2014) | |
| 776 | 0 | 8 |
_iPrinted edition: _z9783319041469 |
| 830 | 0 |
_aLecture Notes in Social Networks, _948358 |
|
| 942 |
_2ddc _cBOOK |
||
| 999 |
_c37257 _d271757 |
||